00000000nam##2200000za#4500
0019.646111
003CaOODSP
00520200506153240
007ta
008150407|1996||||xxc|||||     f|0| 0 eng|d
020 |a0-660-15595-8
040 |aCaOODSP|beng
043 |an-cn---
0861 |aCC273-2/96-1E
1102 |aCanadian Centre for Occupational Health and Safety.
24514|aThe Material Safety Data Sheet : |ban explanation of common terms / |cby Jessie M. Callaghan et al.
260 |aHamilton - Ontario : |bCanadian Centre for Occupational Health and Safety |c1996.
300 |a23p. ; |c28 cm.
500 |a"A Material Safety Data Sheet (MSDS) contains basic information intended to help you work safely with a material. The purpose of this publication is to explain terms commonly found on an MSDS."--Introduction.
5203 |aA Material Safety Data Sheet (MSDS) contains basic information intended to help you work safely with a material. The purpose of this publication is to explain terms commonly found on an MSDS.--Introduction
563 |aSoftcover
590 |a97-31|b1997-08-01
69007|aOccupational health|2gcpds
69007|aWorkplace safety|2gcpds
7201 |aCallaghan, Jessie M.
77508|tLa fiche technique sur la sécurité des substances : |w(CaOODSP)9.679703
986 |aP96-1E